000 00709nam a2200253 i 4500
001 6802
003 ES-MaACL
005 20240123190845.0
007 t|
008 900531s1990 sp ||||1|bspa d
020 _a84-7509-534-8
080 _a92 Freud, Sigmund
080 _a159.964.26 Freud
100 1 _aGay, Peter.
_956110
245 1 0 _aFreud
_b: una vida de nuestro tiempo /
_cPeter Gay.
250 _a2a ed.
260 _aBarcelona [etc] :
_bPaidós,
_c1990.
300 _a917 p. ;
_c23 cm.
500 _aIndice.
504 _aBibliogr.: p. 819-871.
600 1 4 _aFreud, Sigmund,
_d1856-1939
_952547
852 _aES-MaACL
_jL-14068
_bR.117897
_z. - rust.
999 _c6802
_d6802